Je obchodní jednání uměním? Do Evropy v tričku ne. 7.
Taktika a technika obchodného rokovania závisí od cieľa, ktorý sa má dosiahnuť. Preto pred každým obchodným rokovaním sa musí určiť cieľ. Druhou nevyhnutnosťou je príprava obchodného rokovania a to vecná, organizačná, prípadne spoločenská. Dôležitou okolnosťou pred zahájením jednania je vyjasnenie f...
Gespeichert in:
| 1. Verfasser: | |
|---|---|
| Format: | Buchkapitel |
| Sprache: | Tschechisch |
| Schlagworte: | |
| Tags: |
Keine Tags, Fügen Sie das erste Tag hinzu!
|
MARC
| LEADER | 00000naa a2200000 4500 | ||
|---|---|---|---|
| 001 | r011736 | ||
| 005 | 20220831083722.9 | ||
| 041 | 0 | |a cze | |
| 044 | |a [CS] | ||
| 245 | 1 | 0 | |a Je obchodní jednání uměním? |b Do Evropy v tričku ne. 7. |c I. Šroněk |
| 520 | |a Taktika a technika obchodného rokovania závisí od cieľa, ktorý sa má dosiahnuť. Preto pred každým obchodným rokovaním sa musí určiť cieľ. Druhou nevyhnutnosťou je príprava obchodného rokovania a to vecná, organizačná, prípadne spoločenská. Dôležitou okolnosťou pred zahájením jednania je vyjasnenie funkčnej úrovne, lebo postavenia rokujúcich osôb. Pravidlom je, že táto úroveň by mala byť rovnaká. | ||
| 610 | 2 | 0 | |a porady |
| 610 | 2 | 0 | |a etiketa |
| 610 | 2 | 0 | |a organizácia |
| 100 | 1 | |a Šroněk, I. | |